[Event "ESP-ch U18 Rapid"]
[Site "Salobrena"]
[Date "2022.08.07"]
[Round "5"]
[White "Crespo Diaz, David"]
[Black "Dopazo Vazquez, Ivan"]
[Result "1-0"]
[WhiteElo "1738"]
[BlackElo "1500"]
[PlyCount "73"]
[EventDate "2022.08.06"]
[EventType "swiss (rapid)"]
[EventRounds "9"]
[EventCountry "ESP"]
[SourceTitle "EXT 2023"]
[Source "ChessBase"]
[SourceDate "2022.10.05"]
[SourceVersion "1"]
[SourceVersionDate "2022.10.05"]
[SourceQuality "1"]

1. d4 f5 2. Nf3 g6 3. g3 Nf6 4. Bg2 Bg7 5. 0-0 0-0 6. c4 d6 7. Nc3 Nc6 8. d5 Ne5 9. Nxe5 dxe5 10. e4 a5 11. Re1 Nd7 12. b3 Nc5 13. Ba3 Na6 14. Qd2 f4 15. f3 Bd7 16. Rad1 Re8 17. Ne2 b6 18. Qc2 Qb8 19. gxf4 b5 20. fxe5 Bxe5 21. f4 Qa7+ 22. Kh1 Bg7 23. e5 b4 24. Bb2 Bf5 25. Be4 Bxe4+ 26. Qxe4 Rf8 27. Bd4 Qb8 28. Ng3 Qc8 29. e6 Bf6 30. Rf1 Qb7 31. f5 Kg7 32. Rg1 g5 33. Nh5+ Kg8 34. h4 h6 35. hxg5 Bxg5 36. f6 exf6 37. Qg6+ 1-0

[Event "ESP-ch U18 Rapid"]
[Site "Salobrena"]
[Date "2022.08.07"]
[Round "6"]
[White "Luque Saiz, Andres"]
[Black "Crespo Diaz, David"]
[Result "1-0"]
[WhiteElo "1897"]
[BlackElo "1738"]
[PlyCount "66"]
[EventDate "2022.08.06"]
[EventType "swiss (rapid)"]
[EventRounds "9"]
[EventCountry "ESP"]
[SourceTitle "EXT 2023"]
[Source "ChessBase"]
[SourceDate "2022.10.05"]
[SourceVersion "1"]
[SourceVersionDate "2022.10.05"]
[SourceQuality "1"]

1. e4 c5 2. Nf3 Nc6 3. Bb5 g6 4. Bxc6 bxc6 5. d4 cxd4 6. Qxd4 Nf6 7. e5 Nd5 8. 0-0 Bg7 9. Qh4 Ba6 10. c4 Nc7 11. Nc3 h6 12. Be3 e6 13. Qe4 0-0 14. Bc5 f5 15. exf6 Rxf6 16. Bd4 d5 17. Bxf6 Qxf6 18. Qg4 Bxc4 19. Rfe1 Rb8 20. Rab1 Bd3 21. Rbc1 Rxb2 22. Qg3 Nb5 23. Nxb5 Bxb5 24. Ne5 Rxa2 25. Nxc6 a5 26. Ne5 Kh7 27. h4 Qf5 28. Rc3 a4 29. Rf3 Qh5 30. Rf7 Rd2 31. Qf4 g5 32. Qxd2 gxh4 33. Qc2+ Kg8 1-0

[Event "ESP-ch U16"]
[Site "Salobrena"]
[Date "2021.07.22"]
[Round "6"]
[White "Crespo Diaz, David"]
[Black "Badillo Ramos, Michael Steve"]
[Result "0-1"]
[WhiteElo "1838"]
[BlackElo "2044"]
[PlyCount "91"]
[EventDate "2021.07.19"]
[EventType "swiss"]
[EventRounds "9"]
[EventCountry "ESP"]
[SourceTitle "EXT 2022"]
[Source "ChessBase"]
[SourceDate "2021.10.06"]
[SourceVersion "1"]
[SourceVersionDate "2021.10.06"]
[SourceQuality "1"]

1. d4 d5 2. Nf3 Nf6 3. e3 Bf5 4. Bd3 e6 5. 0-0 Bd6 6. c4 dxc4 7. Bxf5 exf5 8. Qa4+ c6 9. Qxc4 Nbd7 10. b3 Qe7 11. a4 h5 12. Ba3 Ne4 13. Bxd6 Nxd6 14. Qb4 a5 15. Qa3 Rh6 16. Nbd2 b5 17. axb5 cxb5 18. Rfc1 Ne4 19. Qxe7+ Kxe7 20. Rc7 Kd8 21. Rac1 Nxd2 22. Nxd2 Rha6 23. Nb1 a4 24. bxa4 Rxa4 25. Nc3 Kxc7 26. Nxa4+ Kd6 27. Nb2 Ra3 28. Kf1 Nb6 29. Rc2 Nd5 30. Ke2 g5 31. Nd3 f4 32. Kd2 Rxd3+ 33. Kxd3 Nb4+ 34. Kc3 Nxc2 35. Kxc2 Kd5 36. Kc3 f5 37. g3 f3 38. Kb4 f4 39. exf4 gxf4 40. gxf4 Kxd4 41. Kxb5 Ke4 42. Kc4 Kxf4 43. Kd4 Kg4 44. Ke4 h4 45. h3+ Kxh3 46. Kxf3 0-1

[Event "Mislata op-C 52nd"]
[Site "Mislata"]
[Date "2018.08.08"]
[Round "4"]
[White "Palao, Adriana"]
[Black "Crespo Diaz, David"]
[Result "0-1"]
[WhiteElo "1791"]
[BlackElo "1581"]
[PlyCount "150"]
[EventDate "2018.08.06"]
[EventType "swiss"]
[EventRounds "9"]
[EventCountry "ESP"]
[SourceTitle "EXT 2024"]
[Source "ChessBase"]
[SourceDate "2023.10.10"]
[SourceVersion "1"]
[SourceVersionDate "2023.10.10"]
[SourceQuality "1"]

1. e4 d6 2. d4 Nf6 3. Nc3 g6 4. Be3 Bg7 5. f3 Nbd7 6. Qd2 0-0 7. 0-0-0 e5 8. d5 a6 9. g4 b5 10. h4 h5 11. Bh6 Nb6 12. Bxg7 Kxg7 13. g5 Nfd7 14. f4 exf4 15. Qxf4 Ne5 16. Bh3 Ng4 17. Qd2 Nc4 18. Qd4+ Nce5 19. Nf3 Kh7 20. Rdf1 Qe7 21. Bxg4 Bxg4 22. Nxe5 dxe5 23. Qf2 b4 24. Na4 Qd7 25. Nc5 Qb5 26. Nd3 Qc4 27. Nxe5 Qxe4 28. Nxg4 Qxg4 29. Qf4 Qd7 30. Rd1 a5 31. Rhf1 Rad8 32. Qc4 Qe7 33. Rf6 Rd6 34. Qc5 Rfd8 35. Rxd6 Qxd6 36. Qxd6 Rxd6 37. c4 bxc3 38. bxc3 Kg7 39. c4 c5 40. Rf1 Rb6 41. Kc2 Rb4 42. Kc3 Ra4 43. Rf2 Ra3+ 44. Kb2 Rd3 45. Kc1 Rd4 46. Rc2 Rxh4 47. Kb2 Kf8 48. Ka3 Rg4 49. Ka4 Rxg5 50. Kxa5 Ke7 51. Kb6 Kd6 52. a4 Rg3 53. Rb2 h4 54. a5 h3 55. a6 Rg2 56. Rb5 h2 57. a7 h1Q 58. a8Q Qh2 59. Qb8+ Kd7 60. Qxh2 Rxh2 61. Rxc5 f5 62. Rb5 f4 63. c5 f3 64. c6+ Kd6 65. c7 Rc2 66. Rb3 f2 67. Rf3 Rb2+ 68. Ka5 Kxc7 69. Ka4 Kd6 70. Ka3 Re2 71. Kb3 Kxd5 72. Kc3 Ke4 73. Rf8 Ra2 74. Re8+ Kf3 75. Rf8+ Kg2 0-1

[Event "ESP-ch U12"]
[Site "Salobrena Granada"]
[Date "2017.07.10"]
[Round "1"]
[White "Crespo Diaz, David"]
[Black "Garrido Outon, Alex"]
[Result "0-1"]
[WhiteElo "1377"]
[BlackElo "2074"]
[PlyCount "102"]
[EventDate "2017.07.10"]
[EventType "swiss"]
[EventRounds "9"]
[EventCountry "ESP"]
[SourceTitle "EXT 2024"]
[Source "ChessBase"]
[SourceDate "2023.10.10"]
[SourceVersion "1"]
[SourceVersionDate "2023.10.10"]
[SourceQuality "1"]

1. e4 e5 2. Nf3 Nc6 3. Bc4 Bc5 4. 0-0 Nf6 5. Nc3 a6 6. d3 0-0 7. Bg5 h6 8. Bh4 Be7 9. h3 d6 10. d4 exd4 11. Nxd4 Ne5 12. Bd3 c5 13. Nf5 Bxf5 14. exf5 d5 15. Re1 Ned7 16. Qf3 d4 17. Bxf6 Nxf6 18. Ne4 b5 19. Rad1 Nd7 20. Qg3 Qb6 21. Nd2 Bd6 22. f4 Nf6 23. Kh1 Qc7 24. Ne4 Nh5 25. Qg4 Nxf4 26. f6 g6 27. Qh4 h5 28. Qg5 Ne6 29. Qd5 Rad8 30. Nxd6 Qxd6 31. Qxd6 Rxd6 32. Re5 c4 33. Be4 Rfd8 34. g4 hxg4 35. hxg4 Nf8 36. g5 Nd7 37. Re7 Nc5 38. Re1 Re6 39. Rxe6 Nxe6 40. Bxg6 Nxg5 41. Bh5 Kh7 42. Re7 d3 43. cxd3 cxd3 44. Re1 Kh6 45. Bg4 d2 46. Rd1 Ne4 47. Kg2 Kg5 48. Bf3 Kf4 49. Bxe4 Kxe4 50. Kf2 Kd3 51. Rh1 Kc2 0-1